| 000 | 01232cam a2200361 4500 | ||
|---|---|---|---|
| 008 | 000000n2004 000 0 eng u | ||
| 020 | _a0421842601 | ||
| 020 | _a0421842806 | ||
| 035 | _a(Sirsi) u126282 | ||
| 041 | _aeng | ||
| 050 |
_a346.4102 _c18 |
||
| 245 |
_aChitty on contracts _bvolume I - general principles |
||
| 250 | _a29th ed. | ||
| 260 |
_aLondon _bSweet and Maxwell _c2004 |
||
| 300 |
_a1 v. (ccclii, 1967p.) _c25cm. |
||
| 350 | _a330 | ||
| 490 |
_aSweet and Maxwell Common Law Library _v1 |
||
| 505 | _aFormation of contract | ||
| 505 | _aCapacity of parties | ||
| 505 | _aThe terms of the contract | ||
| 505 | _aIllegality and public policy | ||
| 505 | _aJoint obligations, third parties and assignment | ||
| 505 | _aPerformance and discharge | ||
| 505 | _aRemedies for breach of contract | ||
| 505 | _aRestitution | ||
| 505 | _aConflict of laws | ||
| 520 | _aFirst volume of this two volume work looking in detail at general principles of contract law. Includes tables of statutes, statutory instruments, non-UK statutory material, cases and European cases. | ||
| 650 | _aCONTRACT LAW | ||
| 650 |
_aContracts _96232 |
||
| 690 | _aLAW | ||
| 700 |
_aBeale, H.G. _xEditor |
||
| 942 | _n0 | ||
| 999 |
_c103597 _d103597 |
||